Lehne's Pharmacology for nursing care / VOL 2 (Record no. 13462)
[ view plain ]
| 000 -LEADER | |
|---|---|
| fixed length control field | 00931cam a22002774a 4500 |
| 020 ## - INTERNATIONAL STANDARD BOOK NUMBER | |
| International Standard Book Number | 9780323321907 |
| 020 ## - INTERNATIONAL STANDARD BOOK NUMBER | |
| International Standard Book Number | 9780323321907 |
| 035 ## - SYSTEM CONTROL NUMBER | |
| System control number | (OCoLC)ocn416215131 |
| 042 ## - AUTHENTICATION CODE | |
| Authentication code | pcc |
| 082 00 - DEWEY DECIMAL CLASSIFICATION NUMBER | |
| Classification number | 615.1 |
| Author Mark | LEH |
| 100 1# - MAIN ENTRY--PERSONAL NAME | |
| Author Name | Lehne, Richard A., |
| 245 10 - TITLE STATEMENT | |
| Title | Lehne's Pharmacology for nursing care / VOL 2 |
| 250 ## - EDITION STATEMENT | |
| Edition statement | 9th ed. |
| 260 ## - PUBLICATION, DISTRIBUTION, ETC. | |
| Place of publication, distribution, etc. | St. Louis, Mo. : |
| Name of publisher, distributor, etc. | Saunders/Elsevier, |
| Date of publication, distribution, etc. | c2016.. |
| 300 ## - PHYSICAL DESCRIPTION | |
| No of Pages | , 733 to 1414 p. : |
| illustrations | ill. (chiefly col.) ; |
| Dimensions | 29 cm. + |
| 490 ## - Volume Statement | |
| Volume | VOL 2 |
| 504 ## - BIBLIOGRAPHY, ETC. NOTE | |
| Bibliography, Index, etc. note | Includes bibliographical references and index. |
| 650 #0 - SUBJECT ADDED ENTRY--TOPICAL TERM | |
| Subject | Pharmacology. |
| Keywords | nursing |
| 650 #0 - SUBJECT ADDED ENTRY--TOPICAL TERM | |
| Subject | Nursing. |
| Keywords | imdc |
| 650 12 - SUBJECT ADDED ENTRY--TOPICAL TERM | |
| Subject | Pharmacology |
| Keywords | Nurses' Instruction. |
| 650 22 - SUBJECT ADDED ENTRY--TOPICAL TERM | |
| Subject | Drug Therapy |
| Keywords | Nurses' Instruction. |
| 650 22 - SUBJECT ADDED ENTRY--TOPICAL TERM | |
| Subject | Pharmaceutical Preparations |
| Keywords | Nurses' Instruction. |
| 906 ## - LOCAL DATA ELEMENT F, LDF (RLIN) | |
| a | 7 |
| b | cbc |
| c | orignew |
| d | 1 |
| e | ecip |
| f | 20 |
| g | y-gencatlg |
| 942 ## - ADDED ENTRY ELEMENTS (KOHA) | |
| Source of classification or shelving scheme | |
| Koha item type | Books |
| 952 ## - LOCATION AND ITEM INFORMATION (KOHA) | |
| -- | 2024-01-18 |
| 952 ## - LOCATION AND ITEM INFORMATION (KOHA) | |
| -- | 2024-01-18 |
| Item status | Collection Code | Home library | Current library | Shelving location | Date acquired | Source of acquisition | Total Checkouts | Full call number | Barcode | Date last seen | Koha item type |
|---|---|---|---|---|---|---|---|---|---|---|---|
| Nursing | Islamabad Medical and Dental College | Islamabad Medical and Dental College | Islamabad Medical and Dental College | 18/01/2024 | ali books | 615.1 LEH | 11511 | 18/01/2024 | Books | ||
| Nursing | Islamabad Medical and Dental College | Islamabad Medical and Dental College | Islamabad Medical and Dental College | 18/01/2024 | ali books | 615.1 LEH | 11512 | 18/01/2024 | Books |
